000 00374nam a22001457a 4500
020 _a0471750778
082 _a620.8SAL
100 _aSalvato, Joseph. A
245 _aEnvironmental Engineering and Snitation
250 _a2 Edition
260 _aLondon
_bWiley- Interscience
_c1972
300 _axviii, 919
_bill,24cm
500 _aIncludes Appendix and Index
942 _cBK
999 _c18392
_d18392